AKO VZNIKLO písmo (12) : Krétske písmo

Bibliographic Details
Main Author: Krupa, Viktor, 1936-2021 (Author)
Format: Article
Language:Slovak

MARC

LEADER 00000nab a2200000 a 4500
001 vtls011103764
003 SK-MaSNL
005 20260303150203.0
008 230222|1972 xo |||||||||||||||||slo|
015 |a SNBRB 
035 |a (uuid)fc49b019-426c-49c6-a9b1-d3355e9ee78a 
035 |a (urnnbn)urn:nbn:sk:snk:ar-a084bx 
035 |a urn:nbn:sk:snk-ab9a7i 
040 |a SNKBUCL  |b slo  |c SNKBUCL  |e AACR2 
041 0 |a slo 
044 |a xo  |c SK 
100 1 |a Krupa, Viktor,  |d 1936-2021  |4 aut  |9 5206 
245 1 0 |a AKO VZNIKLO písmo (12) :  |b Krétske písmo  |c Viktor Krupa 
773 0 |t Svet vedy : populárnovedecký mesačník SAV a Čs. spoločnosti pre šírenie politických a vedeckých poznatkov  |g Roč. 19, č. 6 (1972), s. 317-319 
954 |a odborná, vedecká literatúra pôvodná (slovenská)  |2 lita 
958 |a OND 
958 |a EUIPO 
958 |a article13 
999 |c 2008558  |d 2010488